000 nam a22 7a 4500
999 _c328803
_d328803
003 Nust
005 20170417133914.0
008 170417b xxu||||| |||| 00| 0 eng d
040 _c0
082 _a363.70525 GIL
100 _aGilani,Masroor Mohsin
245 _aFuture Scope:
_bEnvironmentalism and sustainability
_cMasroor Mohsin Gilani
260 _aIslamabad
_bNational Book Foundation
_c1992.
300 _a102p.
500 _aP.B
942 _2ddc
_cBK
_k363.70525 GIL